Esclavitud y trabajo en los obrajes de Coyoacán Siglo XVII / (Registro nro. 14125)

Detalles MARC
000 -LIDER
fixed length control field 00852nam a22002417a 4500
003 - IDENTIFICACDOR DE NÚMERO DE CONTROL
control field DO-SdBNP
005 - DATE AND TIME OF LATEST TRANSACTION
control field 20240212072455.0
008 - ELEMENTOS DE LONGITUD FIJA
fixed length control field 220330b2010 dr ||| 00| 0 spa d
020 ## - ISBN
International Standard Book Number 9789945003147
040 ## - FUENTE DE CATALOGACIÓN
Agencia que crea de manera original el registro BPMSU
Idioma de catalogación spa
Agencia que realiza la transcripción BPMSU
082 #4 - NÚMERO DE CLASIFICACIÓN DECIMAL DE DEWEY
Classification number 305.567
Item number R466e 2010
Edition number 22
100 1# - ASIENTO PRINCIPAL -- NOMBRE PERSONAL
Nombre personal Reynoso Medina, Araceli
245 ## - MENCIÓN DE TITULO
Título Esclavitud y trabajo en los obrajes de Coyoacán Siglo XVII /
Mención de responsabilidad Araceli Reynoso Medina
260 ## - PUBLICACIÓN, DISTRIBUCIÓN, ETC. (PIE DE IMPRENTA)
Lugar de publicación, distribución, etc Santo Domingo:
Nombre del editor, distribuidor, etc. Listín Diario
Fecha de publicación, distribución, etc 2010
300 ## - DESCRIPCIÓN FÍSICA
Extensión 227 p;
Dimensiones 23 cm
500 ## - NOTA GENERAL
Nota general Incluye datos biográficos del autor en las solapas
650 #4 - ENCABEZAMIENTO DE MATERIA--TEMÁTICO
Término temático o nombre geográfico como elemento de entrada Esclavitud
Subdivisión temática general Historia.
Subdivisión geográfica Caribe (Región)
650 #4 - ENCABEZAMIENTO DE MATERIA--TEMÁTICO
Término temático o nombre geográfico como elemento de entrada Esclavitud.
Subdivisión temática general Historia
Subdivisión geográfica América Latina
650 #4 - ENCABEZAMIENTO DE MATERIA--TEMÁTICO
Término temático o nombre geográfico como elemento de entrada Esclavitud
Subdivisión temática general Historia
Subdivisión geográfica España.
651 #4 - ENCABEZAMIENTO DE MATERIA--NOMBRE GEOGRÁFICO
Nombre geográfico Coyoacán (México)
Subdivisión temática general Historia.
Subdivisión cronológica Siglo XVIII
910 ## - VALIDACIÓN
Validación VMateo V. Control de calidad. BPMSU
942 ## - ADDED ENTRY ELEMENTS (KOHA)
Source of classification or shelving scheme Dewey Decimal Classification
Koha item type Libros
Existencias
Withdrawn status Lost status Source of classification or shelving scheme Damaged status Not for loan Collection code Home library Current library Date acquired Total Checkouts Full call number Barcode Date last seen Price effective from Koha item type
    Dewey Decimal Classification     Colección Dominicana Biblioteca Pública Metropolitana Salomé Ureña Biblioteca Pública Metropolitana Salomé Ureña 03/30/2022   BPMSU CD 305.567 R466e 2010 BPMSU24020023 03/30/2022 03/30/2022 Libros